000
00309nam a22001337a 4500
020
_a
9780673628794
082
_a
823
_b
WIL
100
_a
Willett,Andrew
245
_a
The badgers go camping
260
_a
Newyork:
_b
Scott Foresman Publishers,
300
_a
16p. ;
563
_a
PB
942
_2
ddc
_c
BK
999
_c
614885
_d
614885